Devine le joueur à la carrière (Bayern Munich) - Statistiques

Statistiques générales
  • Ce quiz a été pris 460 fois
  • Le résultat moyen est 15 sur 28
Statistiques - réponses
Par images Hint Réponse % Correct
français Franck Ribéry
95%
néerlandais Arjen Robben
86%
allemand Manuel Neuer
85%
allemand Gerd Muller
83%
allemand Thomas Muller
83%
français Benjamin Pavard
75%
colombien James Rodriguez
75%
brésilien Dante
74%
autrichien David Alaba
69%
polonais Robert Lewandowski
66%
français Corentin Tolisso
63%
allemand Mario Gotze
59%
suisse Xherdan Shaqiri
58%
allemand Jerome Boateng
56%
allemand Miroslav Klose
55%
français Bixente Lizarazu
52%
allemand Philipp Lahm
52%
allemand Bastian Schweinsteiger
51%
brésilien Douglas Costa
50%
allemand Franz Beckenbauer
49%
croate Mario Mandzukic
40%
allemand Oliver Kahn
38%
allemand Mario Gomez
31%
allemand Michael Ballack
31%
allemand Lothar Matthaus
28%
italien Luca Toni
28%
brésilien Lucio
14%
allemand Jurgen Kohler
3%
Aucun quiz correspondant
Distribution des résultats
% des personnes avec chaque résultat
Percentile par nombre de réponses
Votre historique - résultats
Vous n’avez pas pris ce quiz